|
|
|
|
| LEADER |
01455nam a2200409 a 4500 |
| 001 |
nkc20081798306 |
| 003 |
CZ PrNK |
| 005 |
20260604082040.0 |
| 007 |
ta |
| 008 |
080331s2008 xr g 000 f cze |
| 015 |
|
|
|a cnb001798306
|
| 020 |
|
|
|a 978-80-252-0846-5
|q (brož.)
|
| 040 |
|
|
|a BOA001
|b cze
|
| 041 |
1 |
|
|a cze
|h eng
|
| 072 |
|
7 |
|a 821.111(73)-3
|x Americká próza
|2 Konspekt
|9 25
|
| 080 |
|
|
|a 821.111(73)-31
|2 MRF
|
| 080 |
|
|
|a (0:82-311.9)
|2 MRF
|
| 100 |
1 |
|
|a Stackpole, Michael A.,
|d 1957-
|7 mzk2003171613
|4 aut
|
| 245 |
1 |
0 |
|a Star Wars :
|b [nový řád Jedi.
|p Temný příliv.
|n I,
|p Útok /
|c Michael A. Stackpole ; z anglického originálu ... přeložili Jana Zejmanová a Milan Pohl]
|
| 246 |
3 |
0 |
|a Star Wars - Temný příliv
|
| 246 |
3 |
0 |
|a Temný příliv
|
| 246 |
3 |
0 |
|a Útok
|
| 246 |
3 |
0 |
|a Nový řád Jedi
|
| 246 |
3 |
0 |
|a Star Wars - Nový řád Jedi
|
| 250 |
|
|
|a 1. vyd.
|
| 260 |
|
|
|a V Praze :
|b Egmont,
|c 2008
|
| 300 |
|
|
|a 234 s. ;
|c 18 cm
|
| 500 |
|
|
|a Název a označení části z obálky
|
| 655 |
|
7 |
|a americké romány
|7 fd131796
|2 czenas
|
| 655 |
|
7 |
|a vědecko-fantastické romány
|7 fd133847
|2 czenas
|
| 710 |
2 |
|
|a Egmont ČR (nakladatelství)
|7 ko2002101752
|4 pbl
|
| 765 |
0 |
|
|t Star Wars - the new Jedi order. Dark tide
|9 Česky
|
| 910 |
2 |
|
|a BOA001
|b 1-1207.178,1
|
| 990 |
|
|
|a BK
|
| 995 |
|
|
|a 01
|
| 991 |
|
|
|b 200806
|
| 996 |
6 |
|
|b 2610346403
|c 1-1207.178,1
|l MZK
|r Sklad / do 1 hodiny
|n 1
|p p.v.
|w 001065588
|u 000010
|a 1
|e BOA001
|j MZK50
|s P
|